Capital Budgeting in Manufacturing Sector (Record no. 97212)
[ view plain ]
| 000 -LEADER | |
|---|---|
| fixed length control field | 00386nam a2200145Ia 4500 |
| 008 - FIXED-LENGTH DATA ELEMENTS--GENERAL INFORMATION | |
| fixed length control field | 230128s9999 xx 000 0 und d |
| 041 ## - LANGUAGE CODE | |
| Language code of text/sound track or separate title | eng |
| 082 ## - DEWEY DECIMAL CLASSIFICATION NUMBER | |
| Classification number | PAW PR0431 |
| Item number | PAW |
| 100 ## - MAIN ENTRY--PERSONAL NAME | |
| Personal name | Pawar Arohi - 2K91108 |
| 9 (RLIN) | 118914 |
| 245 ## - TITLE STATEMENT | |
| Title | Capital Budgeting in Manufacturing Sector |
| 260 ## - PUBLICATION, DISTRIBUTION, ETC. (IMPRINT) | |
| Date of publication, distribution, etc. | 2011 |
| Name of publisher, distributor, etc. | Pune University |
| Place of publication, distribution, etc. | Pune |
| 300 ## - PHYSICAL DESCRIPTION | |
| Extent | 71p |
| 502 ## - DISSERTATION NOTE | |
| Name of granting institution | Gogate Ranjana |
No items available.